Entrepreneurship : (Record no. 26950)
[ view plain ]
| 000 -LEADER | |
|---|---|
| fixed length control field | 02335cam a22003375a 4500 |
| 001 - CONTROL NUMBER | |
| control field | 18809989 |
| 005 - DATE AND TIME OF LATEST TRANSACTION | |
| control field | 20181105105232.0 |
| 008 - FIXED-LENGTH DATA ELEMENTS--GENERAL INFORMATION | |
| fixed length control field | 151006t2017 maua frb 001 0 eng d |
| 010 ## - LIBRARY OF CONGRESS CONTROL NUMBER | |
| LC control number | 2015954157 |
| 020 ## - INTERNATIONAL STANDARD BOOK NUMBER | |
| International Standard Book Number | 9781305576247 (hbk) |
| 020 ## - INTERNATIONAL STANDARD BOOK NUMBER | |
| International Standard Book Number | 1305576241 |
| 035 ## - SYSTEM CONTROL NUMBER | |
| System control number | (OCoLC)ocn947778532 |
| 040 ## - CATALOGING SOURCE | |
| Original cataloging agency | HNK |
| Language of cataloging | eng |
| Transcribing agency | HNK |
| Modifying agency | YDXCP |
| -- | IUL |
| -- | OCLCF |
| -- | IAK |
| -- | YDX |
| -- | DLC |
| -- | EG-ScBUE |
| 043 ## - GEOGRAPHIC AREA CODE | |
| Geographic area code | n-us--- |
| 082 04 - DEWEY DECIMAL CLASSIFICATION NUMBER | |
| Classification number | 658.421 |
| Item number | KUR |
| Edition number | 22 |
| 100 1# - MAIN ENTRY--PERSONAL NAME | |
| Personal name | Kuratko, Donald F. |
| 9 (RLIN) | 41900 |
| 245 10 - TITLE STATEMENT | |
| Title | Entrepreneurship : |
| Remainder of title | theory, process, practice / |
| Statement of responsibility, etc | Donald F. Kuratko. |
| 250 ## - EDITION STATEMENT | |
| Edition statement | 10th ed. |
| 260 ## - PUBLICATION, DISTRIBUTION, ETC. (IMPRINT) | |
| Place of publication, distribution, etc | Boston : |
| Name of publisher, distributor, etc | Cengage Learning, |
| Date of publication, distribution, etc | c.2017. |
| 300 ## - PHYSICAL DESCRIPTION | |
| Extent | xxxi, 465 p. : |
| Other physical details | ill. (col.) ; |
| Dimensions | 29 cm. |
| 504 ## - BIBLIOGRAPHY, ETC. NOTE | |
| Bibliography, etc | Includes bibliographical references and indexes. |
| 505 0# - FORMATTED CONTENTS NOTE | |
| Formatted contents note | Part 1: The entrepreneurial mind-set in the twenty-first century. Entrepreneurship : evolutionary development - revolutionary impact ; The entrepreneurial mind-set in individuals : cognition and ethics ; The entrepreneurial mind-set in organizations : corporate entrepreneurship ; Social entrepreneurship and the global environment for entrepreneurship -- Part 2: Initiating entrepreneurial ventures. Innovation : the creative pursuit of ideas ; Assessment of entrepreneurial opportunities ; Pathways to entrepreneurial ventures ; Sources of capital for entrepreneurs -- Part 3: Developing the entrepreneurial plan. Legal challenges for entrepreneurial ventures ; Marketing challenges for entrepreneurial ventures ; Financial preparation for entrepreneurial ventures ; Developing an effective business plan -- Part 4: Growth strategies for entrepreneurial ventures. Strategic entrepreneurial growth ; Valuation of entrepreneurial ventures ; Harvesting the entrepreneurial venture -- Glossary. |
| 520 ## - SUMMARY, ETC. | |
| Summary, etc | This text combines a step-by-step approach with a theoretical foundation to form a basic framework for understanding the process of entrepreneurship. The aim of the text is to present contemporary thinking in entrepreneurship and provide learners with the opportunity to apply ideas. |
| 650 #7 - SUBJECT ADDED ENTRY--TOPICAL TERM | |
| Topical term or geographic name as entry element | Entrepreneurship |
| Geographic subdivision | United States. |
| Source of heading or term | BUEsh |
| 9 (RLIN) | 36665 |
| 650 #7 - SUBJECT ADDED ENTRY--TOPICAL TERM | |
| Topical term or geographic name as entry element | New business enterprises |
| Geographic subdivision | United States. |
| Source of heading or term | BUEsh |
| 650 #7 - SUBJECT ADDED ENTRY--TOPICAL TERM | |
| Topical term or geographic name as entry element | Small business |
| Geographic subdivision | United States. |
| Source of heading or term | BUEsh |
| 651 ## - SUBJECT ADDED ENTRY--GEOGRAPHIC NAME | |
| Source of heading or term | BUEsh |
| 653 ## - INDEX TERM--UNCONTROLLED | |
| Resource For college | BAEPS, Business Administration |
| Arrived date list | November2018 |
| 655 ## - INDEX TERM--GENRE/FORM | |
| Form subdivision | Text book |
| 942 ## - ADDED ENTRY ELEMENTS (KOHA) | |
| Source of classification or shelving scheme | Dewey Decimal Classification |
| Withdrawn status | Item status | Source of classification or shelving scheme | Damaged status | Not for loan | Vendor | Home library | Current library | Shelving location | Date acquired | Source of acquisition | Cost, normal purchase price | Total Checkouts | Full call number | Barcode | Date last seen | Koha item type | Checked out | Date last borrowed |
|---|---|---|---|---|---|---|---|---|---|---|---|---|---|---|---|---|---|---|
| Dewey Decimal Classification | Baccah | Central Library | Central Library | First floor | 05/11/2018 | Purchase | 550.00 | 658.421 KUR | 000043808 | 15/07/2025 | NB - Book (Non borrowing) | |||||||
| Dewey Decimal Classification | Baccah | Central Library | Central Library | First floor | 05/11/2018 | Purchase | 550.00 | 658.421 KUR | 000043809 | 15/07/2025 | Book - Borrowing | |||||||
| Dewey Decimal Classification | Baccah | Central Library | Central Library | First floor | 05/11/2018 | Purchase | 3 | 658.421 KUR | 000043810 | 21/10/2025 | Book - Borrowing | 20/11/2025 | 21/10/2025 |